000 00340nam a22001457a 4500
003 OSt
005 20211228093838.0
008 211228b |||||||| |||| 00| 0 eng d
020 _a0201305585
040 _cHU
082 _25th
100 _aCapron H.L.
_925617
245 _aComputers:
_bTools for an informationAge
942 _2ddc
_cBOOKS
_n0
999 _c24518
_d24518